Business law / (Record no. 2082)

000 -LEADER
fixed length control field 01006nam a2200337 a 4500
001 - CONTROL NUMBER
control field 1957549
003 - CONTROL NUMBER IDENTIFIER
control field OSt
005 - DATE AND TIME OF LATEST TRANSACTION
control field 20160420125523.0
008 - FIXED-LENGTH DATA ELEMENTS--GENERAL INFORMATION
fixed length control field 870921s1987 enka b 001 0 eng
010 ## - LIBRARY OF CONGRESS CONTROL NUMBER
LC control number 87176799
020 ## - INTERNATIONAL STANDARD BOOK NUMBER
International Standard Book Number 9780582438156
Terms of availability £7.95
040 ## - CATALOGING SOURCE
Original cataloging agency DLC
Transcribing agency DLC
Modifying agency DLC
043 ## - GEOGRAPHIC AREA CODE
Geographic area code e-uk---
050 00 - LIBRARY OF CONGRESS CALL NUMBER
Classification number KD1629.3.K44 2002
082 00 - DEWEY DECIMAL CLASSIFICATION NUMBER
Classification number 346.41/07
-- 344.1067
Edition number 19
100 1# - MAIN ENTRY--PERSONAL NAME
Personal name Keenan, Denis J.
245 10 - TITLE STATEMENT
Title Business law /
Statement of responsibility, etc Denis Keenan and Sarah Riches
250 ## - EDITION STATEMENT
Edition statement Sixth Ed.
260 ## - PUBLICATION, DISTRIBUTION, ETC. (IMPRINT)
Place of publication, distribution, etc London :
Name of publisher, distributor, etc Longman Publishers
Date of publication, distribution, etc 2002.
300 ## - PHYSICAL DESCRIPTION
Extent xxvi, 530 p. :
Other physical details ill. ;
Dimensions 30 cm.
500 ## - GENERAL NOTE
General note
500 ## - GENERAL NOTE
General note Includes index.
504 ## - BIBLIOGRAPHY, ETC. NOTE
Bibliography, etc Bibliography:.
650 #0 - SUBJECT ADDED ENTRY--TOPICAL TERM
Topical term or geographic name as entry element Commercial law
Geographic subdivision Great Britain
General subdivision Outlines, syllabi, etc.
650 #0 - SUBJECT ADDED ENTRY--TOPICAL TERM
Topical term or geographic name as entry element Commercial law
Geographic subdivision Great Britain
General subdivision Examinations, questions, etc.
700 ## - ADDED ENTRY--PERSONAL NAME
Personal name Riches, Sarah
740 0# - ADDED ENTRY--UNCONTROLLED RELATED/ANALYTICAL TITLE
Uncontrolled related/analytical title Business law.
906 ## - LOCAL DATA ELEMENT F, LDF (RLIN)
a 7
b cbc
c orignew
d 2
e ncip
f 19
g y-gencatlg
942 ## - ADDED ENTRY ELEMENTS (KOHA)
Source of classification or shelving scheme
Koha item type Book
Holdings
Withdrawn status Lost status Source of classification or shelving scheme Damaged status Not for loan Home library Current library Shelving location Date acquired Total Checkouts Full call number Barcode Date last seen Date checked out Copy number Price effective from Koha item type
          Riara University Library Riara University Library General stack 20/04/2016 2 KD1629.3.K44 2002 5836/15 26/11/2025 16/06/2025 C.1 20/04/2016 Book

Riara University Library,
P.O. Box 49940-00100,
Nairobi, Kenya.